Ba mươi ba 33 truyền thuyết tiêu biểu của Việt Nam

Đã lưu trong:
Sonraí Bibleagrafaíochta
Príomhúdar: Lã, Duy Lan
Údair Eile: Lã Duy Lan
Teanga:Undetermined
Foilsithe: Hà Nội Công an nhân dân 2008
Ábhair:
Clibeanna: Cuir Clib Leis
Gan Chlibeanna, Bí ar an gcéad duine leis an taifead seo a chlibeáil!
Thư viện lưu trữ: Trung tâm Học liệu Trường Đại học Trà Vinh
LEADER 00609nam a2200229Ia 4500
001 TVU_7113
008 210423s9999 xx 000 0 und d
041 |a Vie 
082 |a 398.24 
082 |b L105 
100 |a Lã, Duy Lan 
245 0 |a Ba mươi ba 33 truyền thuyết tiêu biểu của Việt Nam 
245 0 |c Lã Duy Lan 
260 |a Hà Nội 
260 |b Công an nhân dân 
260 |c 2008 
300 |a 415 tr. 
300 |c 21 cm 
504 |a Phụ chú: tr.414-415 
650 |a Văn học dân gian 
700 |a Lã Duy Lan 
980 |a Trung tâm Học liệu Trường Đại học Trà Vinh